Największe Europejskie miasta na literę W - Quiz na mapie - Statystyki

Ogólne statystyki
  • Ten quiz został rozwiązany 59 razy
  • Średni wynik to 11 z 25
Odpowiedzi na mapie
Odpowiedzi zakodowano w zielono-czerwonej skali na mapie do tego quizu, zgodnie z poniższymi procentami.
 
Statystyki odpowiedzi
Państwo Miasto Liczba L. % Poprawnych
Polska Warszawa 1.778.000
100%
Polska Wrocław 640.600
98%
Austria Wiedeń 1.911.700
96%
Litwa Wilno 551.000
92%
Włochy Wenecja 260.500
90%
Hiszpania Walencja 794.300
85%
Bułgaria Warna 336.200
67%
Rosja Wołgograd 1.013.500
62%
Włochy Werona 258.000
60%
Rosja Woroneż 1.054.100
48%
Białoruś Witebsk 364.800
46%
Wielka Brytania Wolverhampton 220.000
44%
Niemcy Wolfsburg 124.200
42%
Niemcy Wuppertal 354.400
38%
Ukraina Winnica 369.800
35%
Wielka Brytania Watford 145.000
19%
Niemcy Wiesbaden 278.300
19%
Niemcy Würzburg 127.900
13%
Rosja Władykaukaz 304.900
8%
Rosja Wołogda 311.800
8%
Rosja Włodzimierz 357.900
6%
Wielka Brytania Warrington 172.200
4%
Wielka Brytania Worthing 115.800
4%
Rosja Wołżski 323.600
2%
Rosja Wołgodońsk 172.000
0%
Nie znaleziono quizów pasujących do podanych kryteriów
Rozkład punktacji
Procent ludzi z każdym wynikiem
Percentyl według liczby udzielonych odpowiedzi
Twoja historia wyników
Nie rozwiązałeś tego quizu